000 00683nam a2200253Ia 4500
003 OSt
005 20221005042828.0
006 a|||||r|||| 00| 0
007 ta
008 221004b |||||||| |||| 00| 0 eng d
020 _a0748613412
024 _a24193
037 _cTextual
040 _aCRL
_cCRL
_beng
041 _2eng
_aeng
082 _aV677.C, 111N9
100 _aHornung Erik
_9411397
245 0 _aHistory of ancient Egypt tr by David Lorton
260 _aEdinburgh
_bEdinburgh University Press
_c1999
300 _a185p.
_ccm.
650 _aEGYPT - HISTORY
942 _hV677.C, 111N9
_cTEXL
_2cc
999 _c950884
_d950884